Nutritional biochemistry / (Record no. 14280)

MARC details
000 -LEADER
fixed length control field 00831nam a22002297a 4500
005 - DATE AND TIME OF LATEST TRANSACTION
control field 20080708115453.0
008 - FIXED-LENGTH DATA ELEMENTS--GENERAL INFORMATION
fixed length control field 080708t xxu||||| |||| 00| 0 eng d
010 ## - LIBRARY OF CONGRESS CONTROL NUMBER
LC control number ENG-90482
020 ## - INTERNATIONAL STANDARD BOOK NUMBER
International Standard Book Number 8180940314
Terms of availability 290.00
035 ## - SYSTEM CONTROL NUMBER
System control number EN-74015
037 ## - SOURCE OF ACQUISITION
Source of stock number/acquisition DBAD / PUB
040 ## - CATALOGING SOURCE
Original cataloging agency DPL
Language of cataloging EN
082 ## - DEWEY DECIMAL CLASSIFICATION NUMBER
Classification number 613.2
100 ## - MAIN ENTRY--PERSONAL NAME
Personal name Trueman, Patricia
245 ## - TITLE STATEMENT
Title Nutritional biochemistry /
Statement of responsibility, etc by Patricia Trueman
260 ## - PUBLICATION, DISTRIBUTION, ETC. (IMPRINT)
Place of publication, distribution, etc Chennai
Name of publisher, distributor, etc MJP Publishers
Date of publication, distribution, etc 2007
270 ## - ADDRESS
Address 47, Nallathambi Street
City Chennai
Postal code 600005
300 ## - PHYSICAL DESCRIPTION
Extent xx, 445p.:
Dimensions 24 cm (pbk)
Other physical details ill
500 ## - GENERAL NOTE
General note Includes glossary, references and index
942 ## - ADDED ENTRY ELEMENTS (KOHA)
Source of classification or shelving scheme Dewey Decimal Classification
Koha item type English Books
Classification part 613.2
Call number suffix TRU
Holdings
Withdrawn status Lost status Damaged status Not for loan Collection code Home library Current library Date acquired Source of acquisition Cost, normal purchase price Total Checkouts Full call number Barcode Date last seen Copy number Cost, replacement price Price effective from Koha item type
      Not For Loan Non-fiction D.B.Act.Division D.B.Act.Division 08/07/2008 DBAD / PUB 290.00   613.2 TRU EN-74015 15/09/2008 1 290.00 15/09/2008 English Books

© Delhi Public Library
Hit Counter
free hit counter